[Event "EU-ch 11th"]
[Site "Rijeka"]
[Date "2010.03.14"]
[Round "8"]
[White "Naiditsch, Arkadij"]
[Black "Pavasovic, Dusko"]
[Result "1-0"]
[WhiteElo "2691"]
[BlackElo "2579"]
[Annotator "Mikhalchishin,A"]
[PlyCount "85"]
[EventDate "2010.03.06"]
[EventType "swiss"]
[EventRounds "11"]
[EventCountry "CRO"]
[SourceTitle "CBM 136"]
[Source "ChessBase"]
[SourceDate "2010.05.18"]
[SourceVersion "1"]
[SourceVersionDate "2010.05.18"]
[SourceQuality "1"]

1. d4 d5 2. c4 e6 3. Nf3 c6 4. Nc3 Nf6 5. cxd5 exd5 6. Qc2 g6 7. Bg5 Be7 8. e4
{The favourite variation of former World Champion Anatoly Karpov - the only
chance to obtain some initiative.} dxe4 9. Bxf6 {Generally speaking a bit
strange - to give up the bishop, but more important is time. In modern chess
such general philosophy does not work any more.} (9. Nxe4 Nxe4 10. Qxe4 Be6 $11
) 9... Bxf6 10. Qxe4+ Qe7 ({Possible and not bad at all was} 10... Kf8 11. Bc4
Kg7 12. O-O Re8 13. Qf4 Be6 14. Bxe6 Rxe6 15. Rfe1 Rxe1+ 16. Rxe1 Na6 17. Ne4
Nb4 18. Nxf6 Qxf6 19. Qc7 b6 20. h4 $14) 11. Bc4 Bf5 12. Qxe7+ ({It is
possible to try to exchange the queens differently:} 12. Qe3 Nd7 13. O-O Qxe3
14. fxe3 O-O 15. e4 Be6 (15... Bg4 16. e5 Bd8 17. Rad1 Bb6 18. Kh1 {led to
some advantage for White.}) (15... Nb6 16. Bb3 Bg4 17. Ne2 Rad8) 16. Bxe6 fxe6
17. Rad1 Rad8 18. Na4 (18. e5 Be7 19. Ne4 h6 {kept the defensive wall easily.})
18... Be7 19. Rc1 g5 20. h3 h5 21. Rcd1 Kg7 (21... g4 22. hxg4 hxg4 23. Nh2
Rxf1+ 24. Nxf1 b5 25. Nc3 e5 26. d5 b4 27. Ne2 Nf6 {would give Black some
chances to take the initiative.}) 22. Nc3 {1/2 Orzech,D (2435)-Miton,K (2604)/
Lublin 2009}) 12... Kxe7 13. O-O-O Rd8 14. h3 ({Another option is possible:} 
14. Rhe1+ Kf8 15. h3 h5 16. Ne2 Be4 17. Ne5 Bd5 18. Bxd5 cxd5 19. Kd2 Nd7 20.
f4 Be7 $1 21. Rc1 Bb4+ 22. Nc3 Nf6 23. Kd3 Rac8 24. Rc2 Ne4 {1/2 Riazantsev,A 
(2617)-Sjugirov,S (2545)/Novokuznetsk RUS 2008/The Week in Chess 722 (33).
Black has very serious counterplay.}) 14... Nd7 ({Very sharp play arose after} 
14... h5 15. g4 Be6 (15... Bd7 16. Rhe1+ Kf8 17. Ne5 Bxe5 18. dxe5 Na6 19. gxh5
gxh5 20. Re3 b5 21. Be2 h4 22. Rd4 Be6 23. Rxh4 Nc5 24. b4 Nb7 25. Bg4 Bxg4 26.
hxg4 a5 27. a3 axb4 28. axb4 c5 29. Rh8+ Ke7 30. Nd5+ Ke6 31. Nf4+ Ke7 32. Rxd8
Rxd8 33. Re4 {1-0 Atalik,S (2585)-Firat,B (2219)/Izmir TUR 2008. with a huge
advantage.}) ({it is very dangerous to accept the sacrifice:} 15... hxg4 16.
hxg4 Bxg4 17. Rh7 $1 Rf8 18. Re1+ Kd8 19. Ne5 {with a very strong initiative.})
16. Rhe1 hxg4 17. hxg4 Na6 18. Bxe6 fxe6 19. Ne4 {Black's weaknessess on e6
and g6 will be the source of all her problems.} Nc7 20. Rh1 Rh8 21. g5 Bg7 22.
Nh4 Kf7 23. Nd6+ Kg8 24. Nxb7 Rf8 25. Nxg6 Rxh1 26. Rxh1 Rxf2 27. Ne7+ Kf8 28.
Nxc6 {1-0 Shen Yang (2453)-Sebag,M (2519)/Nanjing CHN 2009 (38)}) ({Very risky
would be} 14... Bg7 15. Rhe1+ Kf6 16. h4 $2 ({The correct move was the direct} 
16. Ne4+ Bxe4 17. Rxe4 Bh6+ 18. Kb1 Nd7 19. Nh2 $1) 16... Bh6+ 17. Ng5 Bxg5+
18. hxg5+ Kxg5 19. Re7 Nd7 20. Bxf7 h5 21. Bb3 Re8 22. Rde1 Nf6 23. R1e5 Rxe7
24. Rxe7 Rb8 {0-1 Lysyj,I (2612)-Nepomniachtchi,I (2632)/Ulan Ude RUS 2009 (40)
. Black will successfully complete the defensive task.}) 15. Rhe1+ Kf8 16. g4
Nb6 17. Bb3 Bc8 ({Another bishop move led to a risky pawn sacrifice} 17... Bd7
18. Ne4 Be7 19. Neg5 Bxg5+ ({Not very serious is} 19... Bb4 20. Nxf7 Rdc8 21.
Re4 c5 22. N7e5 c4 23. Bc2 c3 24. Rf4+ Kg8 25. Bb3+ Kh8 26. Nxd7 Nxd7 27. Rf7
Rf8 28. Ng5 Rxf7 29. Nxf7+ Kg7 30. Ng5 h6 31. Ne6+ Kh7 32. bxc3 Bxc3 33. Rd3
Rc8 34. Bc2 Nf6 35. Rf3 Nd5 36. Rf7+ Kh8 37. Bxg6 Bxd4+ 38. Kd1 Bb6 39. h4 Nc7
40. Nf4 Rd8+ 41. Ke2 Nd5 42. Nh5 Kg8 43. Rxb7 Nc7 44. a4 Kf8 45. f4 Ke7 46. a5
Bxa5 47. Rxa7 Rd2+ 48. Kf3 Ra2 49. g5 hxg5 50. hxg5 Kd6 51. Nf6 Rf2+ 52. Kg3
Ra2 53. Kg4 Rg2+ 54. Kf5 Bb6 55. Ra1 Nb5 56. Ne4+ Ke7 57. Bh5 Nd4+ 58. Kg6 Ne6
59. f5 Nf4+ 60. Kh6 Rh2 61. Nf6 Bd4 62. Re1+ Kd6 63. Re4 Bxf6 64. Rxf4 Ke5 65.
Rf1 Bd8 66. f6 Rg2 67. Re1+ Kf4 68. f7 {1-0 Maiwald,J (2484)-Baramidze,D (2582)
/Graz AUT 2008/The Week in Chess 698}) 20. Nxg5 Be8 21. Nxh7+ Kg7 22. Ng5 a5
23. a3 Nd5 24. h4 Rd7 25. Bxd5 cxd5 26. Kd2 {Black has no compensation for the
pawn.} f6 27. Ne6+ Kf7 28. Rc1 Rb8 29. Nf4 Rbd8 30. Rc5 b6 31. Rc6 Rb7 32. Rce6
{Khurtsidze,N (2414)-Melia,S (2431)/Tbilisi 2010/CBM 134 Extra/1-0 (40)}) 18.
Ne4 Kg7 19. Rd3 $146 {A slightly slow move.} ({Interesting, but more tricky is
} 19. Nxf6 Kxf6 20. g5+ Kg7 21. Re7 Nd5 22. Bxd5 Rxd5 23. Re8 b6 24. Ne5 c5 25.
Re1 cxd4 26. Nxf7 d3 27. Kd2 Rf5 28. Nd6 Rxf2+ 29. Kc3 Re2 30. R1xe2 dxe2 31.
Kd2 Bb7 32. Re7+ Kf8 33. Rxb7 Rd8 {Estevez Morales,G (2310)-Diaz,J (2485)/Cuba
1988/TD/1-0 (34)} 34. Rf7+ Kg8 35. Rf6) 19... Nd5 $2 ({Much better would be} 
19... Be7 20. Neg5 Nd5 21. Bxd5 Bxg5+ 22. Nxg5 Rxd5 {with sufficient
counterplay.}) 20. Bxd5 Rxd5 ({After the other recapture} 20... cxd5 21. Nxf6
Kxf6 22. g5+ Kg7 23. Re7 Kf8 24. Rc7 Bxh3 25. Rxb7 Rd7 26. Rdb3 {the white
rook on the 7th rank is very active.}) 21. Nxf6 Kxf6 22. Re8 {Now Black has
development problems and tactics do not help much.} Bf5 23. Rxa8 Bxd3 24. Rxa7
Ba6 {Trying to shut in the white rook temporarily.} ({More active was} 24...
Be4 25. Ne1 Rxd4 26. Rxb7 Bd5 27. b3 Rf4 28. f3 Bxf3 29. a4 Bd5 30. a5 {
, but the white passed pawn will create a lot of problems for Black.}) 25. b4
h5 26. Kd2 hxg4 27. hxg4 Rd8 28. Kc3 (28. a4 {was a more direct approach, but
White has enough time.}) 28... Ke6 29. Ne5 (29. Ng5+ Ke7 30. a4 {was once more
direct.}) 29... g5 ({Better was to try to activate his own rook:} 29... Rh8 30.
f3 Rh1 31. a4 Ra1 32. Nxc6 Rc1+ 33. Kd2 Rxc6 34. b5 Bxb5 35. axb5 Rb6 36. Ra5
Kd5 {with chances for survival in the rook ending.}) 30. a4 Rc8 31. Nc4 $1 {
Now White is not afraid of the rook ending, as his king will come to the pawns
b7 and c6.} Rb8 32. Ne3 Kd6 ({It was necessary to try the sharper} 32... Be2
33. Nc4 f6 34. Na5 b5 35. Nxc6 Rc8 36. Kd2 Rxc6 37. Kxe2 Rc4 38. Ra6+ Ke7 39.
Kd3 Rxb4 40. a5 Ra4 41. f3 Ra1 42. d5 {. Of course, White is still fighting
for a win, but still Black has some typical rook ending chances.}) 33. b5 $1
cxb5 34. axb5 Bxb5 35. Ra5 Rc8+ 36. Kb4 Bd7 37. Nc4+ Ke7 38. Re5+ Kf8 (38...
Kf6 {loses after} 39. Nb6 Rd8 40. Rd5 Ke6 41. Rxg5) 39. Nb6 Rd8 40. Rxg5 Be8 (
40... Be6 41. Kc5 f6 42. Rh5 Kg7 43. f3 {is completely lost.}) 41. Kc5 f6 42.
Rf5 Kg7 43. d5 1-0

[Event "NED-chT 0102 playoff"]
[Site "Enschede"]
[Date "2002.05.10"]
[Round "2.2"]
[White "Sokolov, Ivan"]
[Black "Seirawan, Yasser"]
[Result "1-0"]
[WhiteElo "2647"]
[BlackElo "2631"]
[Annotator "Milov,V"]
[PlyCount "81"]
[EventDate "2002.05.09"]
[EventType "team-k.o."]
[EventRounds "2"]
[EventCountry "NED"]
[SourceTitle "CBM 089"]
[Source "ChessBase"]
[SourceDate "2002.08.12"]
[SourceVersion "1"]
[SourceVersionDate "2002.08.12"]
[SourceQuality "1"]
[WhiteTeam "Ordina Breda"]
[BlackTeam "Hilversum HSG"]
[WhiteTeamCountry "NED"]
[BlackTeamCountry "NED"]

1. d4 Nf6 2. c4 e6 3. Nf3 d5 4. Nc3 Nbd7 5. cxd5 exd5 6. Bg5 h6 7. Bh4 Be7 8.
e3 c6 9. Qc2 O-O 10. Bd3 Re8 11. Bg3 Nf8 12. h3 Be6 13. O-O {Quite a typical
position in this opening} N6d7 14. Na4 {White transposes the knight to c5 with
the further  pawns advance of the queenside, so called the pawn minority
attack - the standard plan for White.} a5 15. a3 (15. Rac1 b5 $140 16. Nc3 $14)
15... b5 16. Nc5 {After the exchange on c5 White gets the d4-square under
control.} (16. Nc3 $5 {White has a few plans - to attack a weak c6-pawn  or
preparation of e3-e4.} a4 17. Rfe1 Nb6 18. Re2 Nc4 19. Rae1 $14) 16... Nxc5 17.
dxc5 Nd7 {Black immediately attacks the c5-pawn.} 18. Nd4 Bxc5 19. Nb3 (19.
Nxc6 Qb6 20. b4 axb4 (20... Qxc6 21. bxc5 Qxc5 22. Qxc5 Nxc5 23. Bxb5 Rec8 $14)
21. axb4 Qxc6 22. Rxa8 Rxa8 23. Rc1 Ra3 24. bxc5 (24. Qe2 $6 Qb6 25. bxc5 Nxc5
26. Bxb5 Rb3 27. Be8 Rb2 28. Qd1 Ne4 $17) 24... b4 (24... Qxc5 25. Qb2 Rb3 26.
Rxc5 Rxb2 27. Rc8+ Nf8 28. Rb8 Rb3 29. Be2 Rc3 30. Bxb5 Rc8 $14) 25. Qd2 Nxc5
26. Qxb4 Rxd3 27. Rxc5 Rb3 $11) 19... Qb6 (19... Qe7 20. Rfc1 Bd6 21. Bxd6 Qxd6
22. Qxc6 Qxc6 23. Rxc6 Ne5 24. Bxb5 $16) 20. Rac1 Be7 21. Qxc6 $14 {The
control over the "c" file offers White a slight edge.} b4 22. a4 $6 (22. Bb5
$142 bxa3 23. bxa3 (23. Qxb6 Nxb6 24. Bxe8 axb2 25. Rb1 (25. Rc6 $2 Nc4 26.
Rxe6 fxe6 27. Bd7 Kf7 28. Nd4 Nd2 29. Bxe6+ Kf6 $19) 25... Rxe8 26. Rxb2 Nc4
$44) 23... Qxc6 (23... Rec8 24. Qxc8+ Rxc8 25. Rxc8+ Kh7 26. Nd4 $16) (23...
Bxa3 24. Qxb6 Nxb6 25. Bxe8 Bxc1 26. Bc6 $18) 24. Rxc6 Nf8 25. Rc7 Reb8 26.
Rxe7 Rxb5 27. Nd4 $14) 22... Bf6 {[%cal Yf6b2] The bishop goes to the
important diagonal, where it`s controlling the d4-square and is attacking the
b2-pawn.} 23. Qc2 (23. Bb5 Bxb2 24. Qxb6 Nxb6 25. Rc2 Bc3 26. Bxe8 Rxe8 $44)
23... Ne5 24. Bb5 Rec8 25. Qe2 Nc4 26. Nd4 $5 {The black pieces became active
and now White should search the ways of neutralization of Black`s activity.
White decides to solve this problem by sacrificing a pawn.} Bxd4 27. exd4 Nd6
$6 {The d4-pawn should`ve been taken.} (27... Qxd4 28. b3 Na3 {The knight is
not that bad on a3. Soon the b3-pawn will be attacked.} (28... Nb6 29. Bc6 Ra7
30. Rfd1 Qe4 31. Qb5 Nd7 32. Re1 Qf5 33. Bxd7 Rxc1 34. Rxc1 Rxd7 35. Qxa5 Qe4
$11) 29. Bc6 Ra7 30. Rfd1 Qe4 31. Qxe4 dxe4 32. Bxe4 Rxc1 33. Rxc1 f5 $17 {
[%csl Rb3]}) 28. Bd3 Ne4 $2 (28... Bf5 $142 29. Bxd6 Bxd3 30. Qxd3 Qxd6 $11)
29. Bxe4 dxe4 30. Qxe4 {The d4-pawn will soon become very strong and therefore
White has a serious advantage here.} Bb3 31. Rc7 $1 {Taking control over the
"c"-file.} Bxa4 (31... Rxc7 $2 32. Qxa8+ $18) 32. Rfc1 Rd8 {Black should`ve
tried to make the white queen leave its strong position in the centre.} (32...
Re8 $142 33. Be5 Qe6 34. Qf3 $14) 33. d5 $16 Qf6 34. Be5 $1 {Centralization!}
Re8 35. f4 Qd8 (35... Bb5 $5 36. R1c5 Rab8 37. b3 Qb6 38. Kh2 $16) 36. Qf3 Bd7
37. Qg3 f6 $2 {A blunder in a difficult position.} (37... g6 $8 38. Qf2 Rc8 39.
Qb6 Rxc7 40. Rxc7 Bf5 41. d6 a4 42. Qxb4 $18) 38. Rxd7 $1 $18 Qxd7 39. Rc7 Rad8
40. Rxd7 Rxd7 41. Bxf6 1-0

[Event "Moscow op2"]
[Site "Moscow"]
[Date "1995.??.??"]
[Round "5"]
[White "Malaniuk, Vladimir P"]
[Black "Burmakin, Vladimir"]
[Result "1-0"]
[WhiteElo "2580"]
[BlackElo "2500"]
[Annotator "Notkin,M"]
[PlyCount "104"]
[EventDate "1995.11.??"]
[EventType "swiss"]
[EventRounds "9"]
[EventCountry "RUS"]
[SourceTitle "CBM 050 Extra"]
[Source "ChessBase"]
[SourceDate "1996.03.01"]
[SourceVersion "1"]
[SourceVersionDate "1996.03.01"]
[SourceQuality "1"]

1. d4 d5 2. c4 e6 3. Nc3 Nf6 4. cxd5 exd5 5. Bg5 c6 6. e3 Be7 7. Qc2 Nbd7 8.
Bd3 h6 (8... O-O) 9. Bh4 Nh5 (9... O-O 10. Nge2 Re8 11. h3 a5 (11... Ne4 12.
Bxe7 Qxe7 13. Bxe4 dxe4 14. O-O-O Nf6 15. g4 Be6 $13 {Kaidanov,G-Maiorovas,G/
Vilnius/1984/0,5/22/}) 12. f3 Nf8 13. Bf2 N6h7 14. h4 b5 $13 {Bishoff,
K-Kovacevic,V/YUG/1989/0,5/21/}) 10. Bxe7 Qxe7 11. O-O-O Nhf6 12. Nge2 Nb6 13.
Kb1 Be6 (13... Bd7 $5) 14. h3 (14. f3 $14) 14... O-O-O (14... h5 $5 15. f3 h4
16. e4 O-O-O 17. e5 Nh5 18. f4 g6 $14) 15. g4 Kb8 16. Ng3 Rc8 17. Rc1 h5 $6 (
17... c5 18. dxc5 Rxc5 19. Qe2 Rhc8 (19... a6 $5) 20. Nb5 $14) (17... Ne8 $5 {
/\Nd6/}) 18. g5 Ne8 19. h4 c5 (19... Nd6 20. f4 $36) 20. dxc5 Rxc5 21. Qe2 Bg4
22. f3 Bd7 23. Qf2 $1 Rc7 24. Nce2 g6 $6 (24... Rxc1+ 25. Rxc1 Nd6 26. Nd4 $14)
25. e4 $1 Rxc1+ (25... Nd6 26. Qd4 $1) (25... dxe4 26. Nxe4 Rxc1+ 27. Rxc1 Nc7
28. Qg3 $16) 26. Rxc1 Nc7 27. f4 $6 (27. Nd4 $5 $16) 27... Bb5 $1 28. Bxb5 Nxb5
{/\Nc4,Qb4/} 29. f5 $1 dxe4 (29... Qe5 30. Qf4 $16) 30. Qf4+ Nc7 31. Qxe4 Qxe4+
$2 (31... Qd6 32. Qf4 Rd8 (32... Qd3+ 33. Ka1 Nbd5 34. Qd6 Rc8 35. Qd7 $16) 33.
Qxd6 Rxd6 34. fxg6 fxg6 35. Nf4 Nbd5 36. Ne4 Rb6 37. Rf1 $14) 32. Nxe4 gxf5 (
32... Re8 33. N2g3 Nbd5 34. Nd6 Re3 35. Nge4 $16) 33. Nd6 Ne6 34. Rf1 $6 (34.
Nxf7 Rf8 35. g6 Rg8 36. Rg1 f4 $132) (34. Nxf5 $16) 34... Rd8 $1 35. Nxf7 Rd2
36. Nf4 Nxf4 (36... Nd4 37. Ne5 Na4 38. Nc4 $18) 37. Rxf4 Nd5 38. Rc4 (38. Rxf5
$4 Rd1+ 39. Kc2 Ne3+ $19) 38... f4 (38... Ne3 39. g6 (39. Rc3 f4 40. Ne5 $14)
39... Nxc4 40. g7 Rxb2+ (40... Rd1+ 41. Kc2 Ne3+ 42. Kb3 Rd3+ 43. Ka4 Rd4+ 44.
b4 $18) 41. Kc1 Rg2 42. Ng5 Rg1+ 43. Kc2 Ne3+ 44. Kd3 (44. Kb3 Rb1+ 45. Ka4 b5+
46. Ka5 Kb7 $1 $19) 44... Rd1+ 45. Kxe3 Rd8 46. Ne6 Rg8 47. Kf4 b5 48. Kxf5 b4
49. Kf6 a5 50. Kf7 Rc8 $11) 39. Ne5 b5 $2 (39... Ne3 40. Rc3 b6 $14) 40. Rc2
Rxc2 $2 (40... Rd1+ 41. Rc1 Rxc1+ (41... Rd2 42. Rc5 $16) 42. Kxc1 Kc7 43. g6
Kd6 44. g7 Nf6 (44... Ne7 45. Ng6 $18) 45. Nf7+ Kd5 46. Nh6 $18) 41. Kxc2 Kc7
42. Kd3 (42. g6 $18) 42... Kd6 43. Ke4 Ke6 44. a3 a5 45. Nf3 b4 46. Nd4+ Kd6
47. Nf5+ Kc5 48. axb4+ axb4 49. g6 Nf6+ 50. Kxf4 Kc4 51. g7 Ng8 52. Kg5 Kb3 (
52... Kb3 53. Nh6 Ne7 54. Kf6 $18) 1-0

[Event "SUI-chT"]
[Site "Switzerland"]
[Date "2003.10.04"]
[Round "8"]
[White "Pelletier, Yannick"]
[Black "Gabriel, Christian"]
[Result "1-0"]
[WhiteElo "2604"]
[BlackElo "2560"]
[Annotator "Pelletier,Y"]
[PlyCount "80"]
[EventDate "2003.03.23"]
[EventType "team-tourn"]
[EventRounds "9"]
[EventCountry "SUI"]
[SourceTitle "CBM 098"]
[Source "ChessBase"]
[SourceDate "2004.02.03"]
[SourceVersion "1"]
[SourceVersionDate "2004.02.03"]
[SourceQuality "1"]
[WhiteTeam "Biel"]
[BlackTeam "Zuerich"]
[WhiteTeamCountry "SUI"]
[BlackTeamCountry "SUI"]

1. d4 Nf6 2. c4 e6 3. Nc3 d5 4. cxd5 exd5 5. Bg5 Be7 6. e3 O-O 7. Bd3 Nbd7 8.
Nf3 Re8 9. O-O Nf8 10. Qc2 c6 11. h3 g6 12. Rab1 a5 13. a3 Ne6 14. Bh4 Ng7 15.
b4 axb4 16. axb4 Bf5 17. Bxf5 Nxf5 18. Bxf6 Bxf6 19. b5 Qa5 20. bxc6 bxc6 {
Dieser Aufbau ist wohl bekannt und als Ausgleichwaffe unter starken Spielern
sogar ziemlich beliebt. Vor etwa einem Jahr studierte ich ihn als
Nachziehender gründlich und erkannte, dass alles nicht so einfach ist. Das
Problem besteht darin, dass der befreiende und somit alle Probleme lösende
Vorstoss c6-c5 momentan unrealisierbar ist. Damit er auf die Tagesordnung
kommt, müssen zuerst die schwarzen Figuren verbessert werden. Also sollten
etwa der Läufer nach d6 und der Springer nach e6 stehen. Diese Umgruppierung
nimmt Zeit, wobei Weiss seine Figuren ebenfalls nach c5 richten kann.} 21. Rfc1
Rec8 22. Rb2 $5 ({Nach} 22. Nd2 Be7 {oder}) (22. Ne2 Be7 {beabsichtigt Schwarz
den störenden Ba3. Der Textzug bereitet Ra2 und Na4 vor.}) 22... Nd6 {[%cal
Gd6c4]} (22... Be7 23. Ra2 Qb4 24. Rxa8 Rxa8 25. Ne2 $14 {mit der typischen
Idee Nf4-d3.}) 23. Nd2 Be7 24. Ra2 Qd8 25. Rxa8 Rxa8 26. Ne2 {[%csl Rc5][%cal
Ge2f4,Gf4d3]} ({Ebenfalls eine Spur Vorteil behält Weiss nach} 26. Na4 Qa5 27.
Nc5 Qa2 28. Qd1 Nb5 29. Ndb3 {Allgemein ist es für Weiss wichtig, den
Damentausch zu vermeiden, falls er daraus keinen konkreten Vorteil ziehen kann.
Wie in der Partie sichtlich wird, kann die Dame eine wichtige Rolle am
Königsflügel spielen.}) 26... Ra6 27. Nf4 Qa8 28. Nd3 Nb7 $6 ({Passivität
genügt oft in dieser Variante, um die einzige Schwäche (c6) erfolgreich zu
verteidigen. Aber hier war es besser, nach Gegenspiel zu suchen, man sehe:} 
28... Ra2 29. Qd1 Qa5 30. Nf3 (30. Nb3 Qa4 31. Ndc5 Qa3 $13 {[%cal Ga3b2]})
30... Nc4 31. Nfe5 Nxe5 32. Nxe5 Qa3 {, und} 33. Nxc6 $2 {geht nicht wegen} Bh4
$1) 29. Nf3 {Nun werden die weissen Figuren auch aktiv.} Bd6 30. Nfe5 Nd8 (
30... c5 $2 31. dxc5 Nxc5 $140 32. Nxc5 {[%cal Gc5a6]}) 31. h4 {[%csl Rg8]
Weiss kann den Bauern c6 nicht erobern, falls er nicht versucht, eine zweite
Schwäche im gegnerischen Lager zu schaffen. Der Textzug deutet an, dass der
schwarze König ein potentielles Ziel bildet.} Kg7 $6 ({Es war vorzuziehen, den
Königsflügel so geschlossen zu halten wie möglich.} 31... Ra1 $6 32. h5 {
war daher nicht angebracht, aber}) (31... h5 32. Qd1 Qc8 $14 {war die korrekte
Spielweise.}) 32. h5 Ra2 33. Qd1 Bxe5 $6 34. Nxe5 (34. dxe5 Qa3) 34... Qa3 35.
Rb1 Qa7 $6 $138 ({Hartnäckiger war wohl} 35... Rb2 36. Rxb2 Qxb2 {, auch wenn
Weiss mittels} 37. g3 $1 $16 {seine Domination befestigen könnte} ({nicht} 37.
Qg4 Qb1+ 38. Kh2 Qf5 $1)) 36. Qf3 (36. Qg4 $16 Rxf2 $140 $2 37. h6+ $18) 36...
Ra1 ({Verliert schnell, aber nach dem stärkeren} 36... Qe7 37. Qh3 {müsste
Schwarz seine Königsstellung schwächen, wonach Weiss klar besser stünde.}) 37.
Rxa1 Qxa1+ 38. Kh2 Qa7 39. h6+ $1 $18 Kxh6 40. Qf6 Qc7 $138 ({Christian
überschritt bei Ausführung dieses Zuges die Zeit, aber nach} 40... Qc7 {
hat Weiss die angenehme Wahl zwischen dem Figurengewinn} 41. Qxd8 {oder einem
Mattangriff mittels 41.g4.}) 1-0

[Event "Belgrade GMA op"]
[Site "Belgrade"]
[Date "1988.??.??"]
[Round "?"]
[White "Eingorn, Vereslav S"]
[Black "Petrosian, Arshak B"]
[Result "1/2-1/2"]
[WhiteElo "2560"]
[BlackElo "2460"]
[Annotator "Petrosian,A"]
[PlyCount "35"]
[EventDate "1988.12.??"]
[EventType "swiss"]
[EventRounds "9"]
[EventCountry "YUG"]
[SourceTitle "TD"]
[Source "ChessBase"]
[SourceDate "1994.03.01"]
[SourceVersion "1"]
[SourceVersionDate "1994.03.01"]
[SourceQuality "1"]

1. d4 Nf6 2. c4 e6 3. Nf3 d5 4. Nc3 Be7 5. cxd5 exd5 6. Bg5 c6 7. Qc2 g6 8. e4
dxe4 9. Bxf6 Bxf6 10. Qxe4+ Qe7 11. Bc4 Nd7 12. O-O O-O 13. Qf4 Bg7 14. Bb3 (
14. Rfe1 Qb4 15. Bb3 Nc5 $5 16. Qd6 Nd3 17. Qxb4 Nxb4 $10) 14... Nf6 15. Rfe1
Qb4 16. Ne5 Be6 17. Bxe6 fxe6 18. Qe3 (18. Qe3 Nd5 19. Nxd5 exd5 20. f4 $10)
1/2-1/2

[Event "POL-chT 66th"]
[Site "Katowice"]
[Date "2010.09.07"]
[Round "4"]
[White "Tazbir, Marcin"]
[Black "Kosiorek, Marek"]
[Result "1-0"]
[WhiteElo "2523"]
[BlackElo "2359"]
[Annotator "RR"]
[PlyCount "69"]
[EventDate "2010.09.04"]
[EventType "team-tourn"]
[EventRounds "9"]
[EventCountry "POL"]
[SourceTitle "EXT 2016"]
[Source "ChessBase"]
[SourceDate "2015.10.08"]
[SourceVersion "1"]
[SourceVersionDate "2015.10.08"]
[SourceQuality "1"]
[WhiteTeam "Wroclaw"]
[BlackTeam "Szkola Grudziadz"]
[WhiteTeamCountry "POL"]
[BlackTeamCountry "POL"]

1. c4 e6 2. Nc3 d5 3. d4 Nf6 4. Bg5 Be7 5. e3 O-O 6. cxd5 exd5 7. Bd3 Nbd7 8.
Qc2 Re8 9. Nge2 (9. Nf3 {L'alternative}) 9... Nf8 10. O-O c6 11. f3 {[%cal
Ge3e4]} c5 (11... Be6 12. Rad1 (12. Rae1)) 12. Rad1 cxd4 13. Nxd4 Nh5 14. Bxe7
Rxe7 15. Qf2 Nf6 16. Rfe1 $146 (16. Bc2 Qb6 17. Rd2 Be6 18. Bb3 Rae8 19. Rfd1
h6 20. h3 N8d7 21. Ba4 Rc8 22. Nxe6 fxe6 23. Bxd7 Rxd7 24. e4 Qxf2+ 25. Kxf2
Rcd8 26. e5 Ne8 27. Nb5 Kf7 28. Rc1 a6 29. Nd4 Rc7 30. Rxc7+ Nxc7 31. Rc2 Ne8
32. h4 Ke7 33. h5 Kd7 34. Ke3 Rb8 35. g4 Nc7 36. a4 Re8 37. f4 Na8 38. b3 Nb6
39. Rg2 Nc8 40. g5 Ne7 41. gxh6 gxh6 42. Rg7 Rg8 43. Rh7 Rg3+ 44. Ke2 Rg2+ 45.
Kf3 Rd2 {Semcesen,D (2480)-Kravtsiv,M (2571) Pardubice 2011 1-0 (77)}) 16... a6
17. Bc2 {[%cal Gd1d8,Ge3e4]} Be6 18. e4 $36 Rd7 19. e5 Nh5 20. f4 $16 {[%csl
Rh5]} g6 21. h3 (21. f5 $40) 21... f5 22. Bb3 {[%csl Rd5,Re6]} Kh8 23. Nxe6
Nxe6 24. Nxd5 Qf8 25. Nf6 $18 Rxd1 26. Rxd1 Nexf4 27. Rd7 Nxf6 28. exf6 Nh5 29.
f7 Qb4 30. Qe3 Rf8 31. Qe5+ Ng7 32. Rd4 Qb6 33. Kh1 Qa7 34. Rd7 h6 35. Qd6 1-0